| 000 | 00703nam a22002417a 4500 | ||
|---|---|---|---|
| 003 | UA-OsUOA | ||
| 001 | 94306 | ||
| 007 | ta | ||
| 008 | 20130207b un ||||| |||| 00| 0 ukr d | ||
| 100 | _aГоголь Н. | ||
| 090 |
_a82.09 _bГ65 |
||
| 942 | _cBK | ||
| 040 |
_aUA-OsUOA _brus _cUA-OsUOA _dUA-OsUOA |
||
| 245 | _aВ русской критике и воспоминаниях современников | ||
| 300 |
_a366 с. _bІлюстрації |
||
| 955 | _a0 | ||
| 041 | _arus | ||
| 080 | _a82.09 | ||
| 260 |
_aМосква _bДетская литература _c1951 |
||
| 044 | _aRU | ||
| 650 | 7 |
_a82 Література. Літературознавство _2UDC |
|
| 999 |
_c380551 _d380551 |
||